000 00759nam a2200241Ia 4500
999 _c35969
_d35969
001 1868
003 GE_BSU
005 20221007162508.0
008 181216s2007ru xx |||||||||||||| ||rus||
020 _a978482013809
040 _cGE_BSU
041 _arus
080 _a343.93(075.8) Д-72
100 _aДрапкин,Л.Я.
_915158
245 _aКриминалистика
_bУчебник : /
_cЛ.Я. Драпкин, В.Н. Карагодин.
264 _aМосква :
_bПроспект,
_c2007.
300 _a6630 с.:
_b21 см.
653 _aКриминалистика
653 _aკრიმინალისტიკა
653 _aსამართალი
700 _aКарагодин, В.Н.
_915159
942 _cBK
_2udc